| 000 | 01156nab a2200301 u 4500 | ||
|---|---|---|---|
| 001 | 12762 | ||
| 003 | HDC | ||
| 007 | cr bn ---aaaaa | ||
| 008 | 210201b20100727my d||ne |||| 00| 0 eng d | ||
| 040 | _aHDC | ||
| 100 |
_aKu Seman Ku Hussain, _eauthor _910966 |
||
| 245 | 0 |
_aKenapa penentuan halal, haram diswastakan? / _cKu Seman Ku Hussain |
|
| 260 |
_aKuala Lumpur : _bUtusan Melayu (M) Bhd., _c2010 |
||
| 300 | _a1 online resource | ||
| 336 |
_atext _2rdacontent |
||
| 337 |
_acomputer _2rdamedia |
||
| 338 |
_aonline resource _2rdacarrier |
||
| 650 |
_aFood _xReligious aspects _xIslam _zIran _913599 |
||
| 650 |
_aHalal certificate _9482 |
||
| 650 |
_aHalal food _950 |
||
| 650 |
_aHalal industry _9144 |
||
| 710 | _aUtusan Malaysia | ||
| 856 | _zRequest full-text at [email protected] | ||
| 856 | _zRequest full-text at [email protected] | ||
| 942 | _2lcc | ||
| 942 | _cNEWS | ||
| 942 | _kNWSC 000035 | ||
| 999 |
_c10085 _d10085 |
||